<?xml version="1.0" encoding="UTF-8"?>
<record
    xmlns:xsi="http://www.w3.org/2001/XMLSchema-instance"
    xsi:schemaLocation="http://www.loc.gov/MARC21/slim http://www.loc.gov/standards/marcxml/schema/MARC21slim.xsd"
    xmlns="http://www.loc.gov/MARC21/slim">

  <leader>00311nam a2200145Ia 4500</leader>
  <datafield tag="100" ind1=" " ind2=" ">
    <subfield code="a">Uyemura/John P </subfield>
  </datafield>
  <datafield tag="942" ind1=" " ind2=" ">
    <subfield code="c">BK</subfield>
  </datafield>
  <datafield tag="366" ind1=" " ind2=" ">
    <subfield code="f">15</subfield>
  </datafield>
  <datafield tag="654" ind1=" " ind2=" ">
    <subfield code="a">vlsi</subfield>
  </datafield>
  <datafield tag="245" ind1=" " ind2=" ">
    <subfield code="a">Introduction to VLSI circuits and systems</subfield>
  </datafield>
  <datafield tag="260" ind1=" " ind2=" ">
    <subfield code="b">John  Wiley</subfield>
    <subfield code="c">2002</subfield>
  </datafield>
  <datafield tag="082" ind1=" " ind2=" ">
    <subfield code="a">621.395</subfield>
    <subfield code="b">UYE</subfield>
  </datafield>
  <datafield tag="300" ind1=" " ind2=" ">
    <subfield code="a">642</subfield>
  </datafield>
  <datafield tag="546" ind1=" " ind2=" ">
    <subfield code="a">ENGLISH</subfield>
  </datafield>
  <datafield tag="999" ind1=" " ind2=" ">
    <subfield code="c">34518</subfield>
    <subfield code="d">34518</subfield>
  </datafield>
  <datafield tag="952" ind1=" " ind2=" ">
    <subfield code="0">0</subfield>
    <subfield code="1">0</subfield>
    <subfield code="4">0</subfield>
    <subfield code="7">0</subfield>
    <subfield code="8">CRC</subfield>
    <subfield code="a">CRCE</subfield>
    <subfield code="b">CRCE</subfield>
    <subfield code="d">2023-03-17</subfield>
    <subfield code="e">Unique Book Distributors</subfield>
    <subfield code="g">332.35</subfield>
    <subfield code="i">609 dt 13/09/2004</subfield>
    <subfield code="l">0</subfield>
    <subfield code="o">621.395 UYE</subfield>
    <subfield code="p">15194</subfield>
    <subfield code="r">2023-03-17</subfield>
    <subfield code="v">391.00</subfield>
    <subfield code="w">2004-09-13</subfield>
    <subfield code="y">BK</subfield>
  </datafield>
  <datafield tag="952" ind1=" " ind2=" ">
    <subfield code="0">0</subfield>
    <subfield code="1">0</subfield>
    <subfield code="4">0</subfield>
    <subfield code="7">0</subfield>
    <subfield code="8">CRC</subfield>
    <subfield code="a">CRCE</subfield>
    <subfield code="b">1234</subfield>
    <subfield code="d">2023-03-17</subfield>
    <subfield code="e">Unique Book Distributors</subfield>
    <subfield code="g">332.52</subfield>
    <subfield code="i">609 dt 13/09/2004</subfield>
    <subfield code="l">1</subfield>
    <subfield code="o">621.395 UYE</subfield>
    <subfield code="p">15195</subfield>
    <subfield code="q">2011-05-18</subfield>
    <subfield code="r">2023-06-05</subfield>
    <subfield code="s">2023-06-05</subfield>
    <subfield code="v">391.20</subfield>
    <subfield code="w">2004-09-13</subfield>
    <subfield code="y">BK</subfield>
  </datafield>
</record>
